<?xml version="1.0" encoding="UTF-8"?>
<record
    xmlns:xsi="http://www.w3.org/2001/XMLSchema-instance"
    xsi:schemaLocation="http://www.loc.gov/MARC21/slim http://www.loc.gov/standards/marcxml/schema/MARC21slim.xsd"
    xmlns="http://www.loc.gov/MARC21/slim">

  <leader>00440nam a22001697a 4500</leader>
  <controlfield tag="003">BD-DhUL</controlfield>
  <controlfield tag="005">20171004103257.0</controlfield>
  <controlfield tag="008">171004s1276    xx ||||| |||| 00| 0 per d</controlfield>
  <datafield tag="040" ind1=" " ind2=" ">
    <subfield code="a">BD-DhUL</subfield>
    <subfield code="c">BD-DhUL</subfield>
  </datafield>
  <datafield tag="082" ind1=" " ind2=" ">
    <subfield code="a">891.551</subfield>
    <subfield code="b">ILT</subfield>
  </datafield>
  <datafield tag="100" ind1="0" ind2=" ">
    <subfield code="a">&#x627;&#x644;&#x6C1; &#x628;&#x62E;&#x633;</subfield>
  </datafield>
  <datafield tag="245" ind1="1" ind2="0">
    <subfield code="a">&#x62A;&#x62D;&#x641;&#x6C3; &#x627;&#x644;&#x645;&#x62D;&#x633;&#x646;&#x6CC;&#x646; /</subfield>
    <subfield code="c">&#x627;&#x644;&#x6C1; &#x628;&#x62E;&#x633;</subfield>
  </datafield>
  <datafield tag="260" ind1=" " ind2=" ">
    <subfield code="a">:</subfield>
    <subfield code="b">&#x60C;</subfield>
    <subfield code="c">&#x6D4;&#x6F1;&#x6F2;&#x6F7;&#x6F6;</subfield>
  </datafield>
  <datafield tag="300" ind1=" " ind2=" ">
    <subfield code="a">&#x635;&#x6D4; &#x6F4;&#x6F8; </subfield>
    <subfield code="c">&#x6F2;&#x6F2; &#x633;&#x645;&#x6D4;</subfield>
  </datafield>
  <datafield tag="650" ind1="0" ind2=" ">
    <subfield code="a">Persian poetry</subfield>
  </datafield>
  <datafield tag="942" ind1=" " ind2=" ">
    <subfield code="2">ddc</subfield>
    <subfield code="c">REF</subfield>
  </datafield>
  <datafield tag="999" ind1=" " ind2=" ">
    <subfield code="c">214613</subfield>
    <subfield code="d">214613</subfield>
  </datafield>
  <datafield tag="952" ind1=" " ind2=" ">
    <subfield code="0">0</subfield>
    <subfield code="1">0</subfield>
    <subfield code="2">ddc</subfield>
    <subfield code="4">0</subfield>
    <subfield code="6">891_551000000000000_ILT</subfield>
    <subfield code="7">1</subfield>
    <subfield code="8">REF</subfield>
    <subfield code="9">355796</subfield>
    <subfield code="a">DUL</subfield>
    <subfield code="b">DUL</subfield>
    <subfield code="c">RC</subfield>
    <subfield code="d">2017-10-04</subfield>
    <subfield code="e">gift</subfield>
    <subfield code="o">891.551 ILT</subfield>
    <subfield code="p">A186058</subfield>
    <subfield code="r">2017-10-04</subfield>
    <subfield code="t">1</subfield>
    <subfield code="w">2017-10-04</subfield>
    <subfield code="y">REF</subfield>
  </datafield>
</record>
